100 countries with the lowest GDP per Capita (2023) - Statistics

General Stats
  • This quiz has been taken 69 times
    56 since last reset
  • The average score is 81 of 100
Answer Stats
Hint Continent Answer % Correct
$289 Africa Burundi
93%
$496 Africa Central African Republic
93%
$643 Africa Niger
93%
$2,895 Africa Egypt
91%
$1,958 Asia Laos
91%
$1,646 Africa Nigeria
91%
$2,291 Africa Republic of the Congo
91%
$597 Africa Somalia
91%
$1,209 Africa Tanzania
91%
$997 Africa Togo
91%
$396 Asia Afghanistan
88%
$1,394 Africa Benin
88%
$913 Africa Chad
88%
$656 Africa Eritrea
88%
$3,830 Africa Morocco
88%
$623 Africa Mozambique
88%
$1,363 Asia Nepal
88%
$1,010 Africa Rwanda
88%
$403 Africa South Sudan
88%
$680 Africa Sudan
88%
$1,230 Asia Syria
88%
$1,049 Africa Uganda
88%
$222 Asia Yemen
88%
$2,458 Asia Cambodia
86%
$2,487 Asia India
86%
$1,952 Africa Kenya
86%
$917 Africa Liberia
86%
$833 Africa Mali
86%
$1,147 Asia Myanmar
86%
$640 Asia North Korea
86%
$1,682 Africa Senegal
86%
$758 Africa Sierra Leone
86%
$4,282 Asia Vietnam
86%
$5,364 Africa Algeria
84%
$2,464 Africa Angola
84%
$3,839 Asia Bhutan
84%
$3,469 Africa Djibouti
84%
$1,705 Caribbean Haiti
84%
$5,149 Asia Iraq
84%
$916 Africa Lesotho
84%
$6,027 Africa Libya
84%
$598 Africa Madagascar
84%
$509 Africa Malawi
84%
$1,212 Asia Pakistan
84%
$5,976 Africa South Africa
84%
$1,503 Asia Timor Leste
84%
$3,686 S. America Bolivia
81%
$5,391 C. America El Salvador
81%
$1,241 Africa Ethiopia
81%
$890 Africa Gambia
81%
$1,597 Africa Guinea
81%
$855 Africa Guinea Bissau
81%
$3,232 C. America Honduras
81%
$2,121 Africa Mauritania
81%
$5,790 Asia Mongolia
81%
$3,979 Africa Tunisia
81%
$4,925 S. America Venezuela
81%
$2,464 Asia Bangladesh
79%
$883 Africa Burkina Faso
79%
$1,737 Africa Cameroon
79%
$1,703 Africa Comoros
79%
$6,610 S. America Ecuador
79%
$6,558 Africa Equatorial Guinea
79%
$3,717 Africa Eswatini
79%
$4,876 Asia Indonesia
79%
$4,757 Asia Lebanon
79%
$5,976 S. America Suriname
79%
$4,859 Oceania Tonga
79%
$1,858 Africa Zimbabwe
79%
$4,961 Africa Cabo Verde
77%
$2,260 Africa Ghana
77%
$5,763 C. America Guatemala
77%
$4,432 Asia Iran
77%
$2,528 Africa Ivory Coast
77%
$1,977 Asia Kyrgyzstan
77%
$4,084 Oceania Micronesia
77%
$4,168 Africa Namibia
77%
$2,613 C. America Nicaragua
77%
$4,765 Oceania Samoa
77%
$2,963 Africa São Tomé and Príncipe
77%
$2,042 Asia Solomon Islands
77%
$1,161 Asia Tajikistan
77%
$6,880 Oceania Tuvalu
77%
$3,492 Oceania Vanuatu
77%
$1,331 Africa Zambia
77%
$2,178 Oceania Kiribati
74%
$2,986 Oceania Papua New Guinea
74%
$6,948 S. Amercia Colombia
72%
$5,393 Europe Moldova
72%
$3,673 Asia Sri Lanka
72%
$5,889 Oceania Fiji
70%
$6,840 Caribbean Jamaica
70%
$6,157 Europe Kosovo
70%
$2,549 Asia Uzbekistan
70%
$4,442 Asia Jordan
67%
$3,805 Asia Philippines
67%
$4,737 Europe Ukraine
67%
$655 Africa Democratic Republic of the Congo
65%
$6,276 S. America Paraguay
65%
$3,640 Asia Palestine
44%
No matching quizzes found
Score Distribution
Percent of People with Each Score
Percentile by Number Answered
Your Score History
You have not taken this quiz since the last reset